Historia de las variaciones de las iglesias protestantes / (Record no. 34871)

MARC details
000 -LEADER
campo de control de longitud fija 00806nam a2200217 i 4500
001 - NÚMERO DE CONTROL
campo de control 34871
003 - IDENTIFICADOR DE NÚMERO DE CONTROL
campo de control ES-MaACL
005 - FECHA Y HORA DE LA ÚLTIMA TRANSACCIÓN
campo de control 20251015063049.0
007 - CAMPO FIJO DE DESCRIPCIÓN FÍSICA--INFORMACIÓN GENERAL
campo de control de longitud fija t|
008 - DATOS DE LONGITUD FIJA--INFORMACIÓN GENERAL
campo de control de longitud fija 030211s1945 ag ||||1| spa d
100 1# - ENTRADA PRINCIPAL--NOMBRE DE PERSONA
Nombre de persona Bossuet, Jacques Bénigne,
Fechas asociadas al nombre 1627-1704
9 (RLIN) 30723
245 10 - MENCIÓN DEL TÍTULO
Título Historia de las variaciones de las iglesias protestantes /
Mención de responsabilidad, etc. Jacques Bénigne Bossuet ; [versión revisada de la traducción de Juan Díaz de Baeza].
260 ## - PUBLICACIÓN, DISTRIBUCIÓN, ETC.
Lugar de publicación, distribución, etc. Buenos Aires :
Nombre del editor, distribuidor, etc. Difusión,
Fecha de publicación, distribución, etc. [1945] (
Fabricante F. Kellermann)
300 ## - DESCRIPCIÓN FÍSICA
Extensión 696 p. ;
Dimensiones 23 cm.
490 1# - MENCIÓN DE SERIE
Mención de serie Obras maestras del catolicismo
650 04 - PUNTO DE ACCESO ADICIONAL DE MATERIA--TÉRMINO DE MATERIA
Término de materia o nombre geográfico como elemento de entrada Protestantismo-
Subdivisión general Historia.
9 (RLIN) 16523
700 1# - ENTRADA AGREGADA--NOMBRE PERSONAL
Nombre de persona Díaz de Baeza, Juan.
9 (RLIN) 44215
830 0# - PUNTO DE ACCESO ADICIONAL DE SERIE-TÍTULO UNIFORME
Título uniforme Obras maestras del catolicismo
9 (RLIN) 229518
852 ## - LOCALIZACIÓN
Ubicación ES-MaACL
Número de control de estantería D-7304
Sublocalización o colección R.28603
Holdings
Estatus retirado Estado de pérdida Estado de daño No para préstamo Biblioteca de origen Biblioteca actual Ubicación en estantería Fecha de adquisición Fuente de adquisición Total de préstamos Signatura topográfica completa Código de barras Visto por última vez Precio de reemplazo Tipo de ítem Koha
        Biblioteca del Ateneo de Madrid Biblioteca del Ateneo de Madrid Sala Valle Inclán 17/01/2008     D-7304 901036415 23/02/2023 23/02/2023 Libro impreso